000 00743 a2200229 4500
001 40731
005 20260407155702.0
008 260407a2015 arg spa d
003 AR-UNSa-BCEJYS
040 _aAR-UNSa-BCEJYS
_bspa
_cAR-UNSa-BCEJYS
080 _a330.101.541
_xMacroeconomía
245 1 0 _aStudent solutions manual to accompany modern macroeconomics
020 _a978-0-262-52806-1
264 1 _aCambridge :
_bThe MIT Press
_c2015
300 _a146 p.
_c28 cm.
505 _aChapter 1/31 problem set solutions
041 _aspa
942 _cBK
590 _aniveau_biblio:m niveau_hierar:0
100 1 _aChug, Sanjay K.
856 4 1 _uhttps://biblioeco.unsa.edu.ar/pmb/images/libros/L126245.jpg
_yImagen de portada
_qimage/jpeg
999 _c3297
_d3297